| 000 | 00682nam a22002177a 4500 | ||
|---|---|---|---|
| 005 | 20260205224632.0 | ||
| 008 | 260205s mx a|||| |||| 001 0 spa d | ||
| 020 | _a968-7516-01-1 | ||
| 040 |
_aISBN _bspa |
||
| 041 |
_aspa _hspa |
||
| 082 | 0 | 4 |
_a1994 , _b759.972 / _2F74 |
| 100 | _aMUSEO DOLORES OLMEDO PATIÑO | ||
| 245 | _aMUSEO DOLORES OLMEDO PATIÑO | ||
| 260 |
_aMÉXICO : _bBANCO NACIONAL DEL COMERCIO ESTERIOR , _c1994. |
||
| 300 |
_a175 páginas _c30.5 x 23 cm |
||
| 336 |
_2rdacontent _atexto _btxt |
||
| 337 |
_2rdamedia _asin mediación _bn |
||
| 338 |
_2rdacarrier _avolumen _bnc |
||
| 700 |
_aESPINDOLA, VICTOR MANUEL _bCOORDINACION EDITORIAL |
||
| 942 |
_2ddc _cGENERAL |
||
| 999 |
_c68512 _d68512 |
||